| 000 | 01210 a2200181 4500 | ||
|---|---|---|---|
| 003 | Nust | ||
| 005 | 20221208121121.0 | ||
| 020 | _a8178082527 | ||
| 040 | _cNust | ||
| 082 | _a530.41, OMA | ||
| 100 |
_aOmar, M. Ali _9104451 |
||
| 245 |
_aElementary solid state physics _bprinciples and applications _cM. Ali Omar |
||
| 260 |
_aSingapore _bPearson _c1999 |
||
| 300 | _axv, 669 p. | ||
| 505 | _aChapter 1:- Crystal Structures and Inter atomic Forces (Page-1), Chapter 2:- X-Ray Neutron and Electron Diffraction in Crystals (Page:-34), Chapter 3:- Lattice Vibration Thermal Acoustic and optical Properties (Page-68), Chapter 4:- Metals the Free-Electron Model (Page-138), Chapter 5:- Metal Energy Bands in solids (Page-176), Chapter 6:- Semiconductors I Theory (Page-254), Chapter 7:- Semiconductors II Devices (Page-320), Chapter 8:- Dielectrics and Optical Properties of Solids (Page-372), Chapter 9:- Magnetism and Magnetic Resonances (Page-424), Chapter 10:- Superconductivity (Page-496), Chapter 11:- Topics I Metallurgy and defects in Solids (Page-528), Chapter 12:- Materials and Solid State Chemistry (Page-578), Chapter 13:- Solid State Biophysics (Page-628). | ||
| 650 | _aPhysics | ||
| 942 |
_2ddc _cBK |
||
| 999 |
_c180616 _d180616 |
||